Pays ayant des frontières avec les pays européens - Statistiques

Statistiques générales
  • Ce quiz a été pris 543 fois
  • Le résultat moyen est 9 sur 10
Statistiques - réponses
Pays européens partageant une frontière avec le pays Pays hors Europe % Correct
Russie Chine
99%
Bulgarie, Grèce Turquie
96%
Russie Mongolie
95%
France Brésil
94%
Russie Kazakhstan
93%
Espagne Maroc
91%
Russie Corée du Nord
87%
France Suriname
84%
Russie Azerbaidjan
83%
Russie Géorgie
83%
Aucun quiz correspondant
Distribution des résultats
% des personnes avec chaque résultat
Percentile par nombre de réponses
Votre historique - résultats
Vous n’avez pas pris ce quiz